Technické rezervy na životné poistenie na slovenskom poistnom trhu bakalárska práca

Uložené v:
Podrobná bibliografia
Hlavný autor: Milly, Katarína
Korporativný autor: Fakulta hospodárskej informatiky EU. Katedra matematiky
Ďalší autori: Zelina, Jozef
Médium: Kniha
Jazyk:Slovak
Vydavateľské údaje: Bratislava 2009
Tagy: Pridať tag
Žiadne tagy, Buďte prvý, kto otaguje tento záznam!

MARC

LEADER 00000nam$a2200000$$$4500
001 0102136
005 20240318135748.8
041 0 |a slo 
044 |a SK 
245 1 0 |a Technické rezervy na životné poistenie na slovenskom poistnom trhu  |b bakalárska práca  |c Katarína Milly ; škol. Jozef Zelina 
264 1 |a Bratislava  |c 2009 
300 |a 35 s. 
100 1 |a Milly, Katarína 
700 1 |a Zelina, Jozef 
710 2 |a Fakulta hospodárskej informatiky EU. Katedra matematiky